000 00542cam a2200157 4500500
005 20260329015807.0
041 _afre
042 _adc
100 1 0 _aVasic, Dejan
_eauthor
700 1 0 _aCosta, François
_eauthor
245 0 0 _aApplications of piezoelectric elements in power electronics
260 _c2026.
500 _a60
786 0 _nConversion of electrical energy | - | 2026-03-04 | p. 20-20
856 4 1 _uhttps://stm.cairn.info/electrical-converters-and-applications--bdti42253210-d3235-page-20?lang=en&redirect-ssocas=7080
999 _c1901024
_d1901024